| 000 | 01139njm a2200289 a 4500 | ||
|---|---|---|---|
| 003 | BLK | ||
| 005 | 20250128005549.0 | ||
| 007 | ta | ||
| 008 | 241016b bu |||||r|||| 00| | bu d | ||
| 020 | _a826475 | ||
| 040 | _aBLK | ||
| 041 |
_aDEU _cDEU |
||
| 080 |
_9238690 _aСонати за пиано _b786.2.082.2 _x(086.72) _z786.2.082.2(086.72) |
||
| 100 |
_9386874 _aMozart, Wolfgang Amadeus _d1756 - 1791 |
||
| 245 |
_aKlaviersonate A-dur KV 331 _aKlaviersonate C-dur KV 330 _aKlaviersonate a-moll KV 310 _cWolfgang Amadeus Mozart ; Cecile Ousset - Klavier |
||
| 260 |
_9210744 _aBerlin _bDeutsche Schallplatten _c1974 |
||
| 300 |
_a1 грамофонна плоча 33 об/мин _bстерео _c30 см |
||
| 380 | _a7 | ||
| 518 | _aAufgenommen April 1973 im Studio Lukaskirche, Dresden | ||
| 650 | 0 |
_aПиано - сонати, сонатини _9277457 |
|
| 700 |
_9368558 _aМоцарт, Волфганг Амадеус |
||
| 700 |
_9495455 _aOusset, Cecile |
||
| 852 |
_bЦб _cФ ІІ 2951 |
||
| 856 |
_i0.00 _ldisable |
||
| 942 |
_cGPL _n0 |
||
| 944 |
_cГеновева Генчева _k _lCRON CRON |
||
| 999 |
_c519569 _d519569 |
||